5HLuxD.jpg

KING HENRY VIII SENIOR AND PRIMARY SCHOOL LIBRARY OPAC

Itty-bitty kitty rescue / (Record no. 2167)

000 -LEADER
fixed length control field 01043nam a22003251i 4500
001 - CONTROL NUMBER
control field 017860381
003 - CONTROL NUMBER IDENTIFIER
control field Uk
005 - DATE AND TIME OF LATEST TRANSACTION
control field 20230317081530.0
008 - FIXED-LENGTH DATA ELEMENTS--GENERAL INFORMATION
fixed length control field 171218s2016 enka j 000|f|eng|d
015 ## - NATIONAL BIBLIOGRAPHY NUMBER
National bibliography number GBB811391
Source bnb
016 7# - NATIONAL BIBLIOGRAPHIC AGENCY CONTROL NUMBER
Record control number 017860381
Source Uk
020 ## - INTERNATIONAL STANDARD BOOK NUMBER
International Standard Book Number 9781474836814 (pbk.) :
040 ## - CATALOGING SOURCE
Original cataloging agency StDuBDS
Language of cataloging eng
Transcribing agency StDuBDS
Description conventions rda
Modifying agency KH8
042 ## - AUTHENTICATION CODE
Authentication code ukblsr
082 04 - DEWEY DECIMAL CLASSIFICATION NUMBER
Classification number 813.6 ZIE
Edition number 23
100 1# - MAIN ENTRY--PERSONAL NAME
Personal name Ziegler-Sullivan, Ursula,
Relator term author.
245 10 - TITLE STATEMENT
Title Itty-bitty kitty rescue /
Statement of responsibility, etc. written by Ursula Ziegler Sullivan ; illustrated by Fabrizio Petrossi.
264 #1 - PRODUCTION, PUBLICATION, DISTRIBUTION, MANUFACTURE, AND COPYRIGHT NOTICE
Place of production, publication, distribution, manufacture Bath :
Name of producer, publisher, distributor, manufacturer Parragon,
Date of production, publication, distribution, manufacture, or copyright notice 2016.
300 ## - PHYSICAL DESCRIPTION
Extent 1 volume (unpaged) :
Other physical details chiefly illustrations (colour) ;
Dimensions 29 cm.
336 ## - CONTENT TYPE
Content type term text
Source rdacontent
336 ## - CONTENT TYPE
Content type term still image
Source rdacontent
337 ## - MEDIA TYPE
Media type term unmediated
Source rdamedia
338 ## - CARRIER TYPE
Carrier type term volume
Source rdacarrier
490 0# - SERIES STATEMENT
Series statement PAW Patrol
500 ## - GENERAL NOTE
General note At head of title: Nickelodeon.
655 #7 - INDEX TERM--GENRE/FORM
Genre/form data or focus term Children's stories
Form subdivision Pictorial works.
Source of term gsafd
700 1# - ADDED ENTRY--PERSONAL NAME
Personal name Petrossi, Fabrizio,
Relator term artist.
710 2# - ADDED ENTRY--CORPORATE NAME
Corporate name or jurisdiction name as entry element Nickelodeon (Firm)
942 ## - ADDED ENTRY ELEMENTS (KOHA)
Source of classification or shelving scheme
Koha item type Books - Non Ficton
Holdings
Withdrawn status Lost status Source of classification or shelving scheme Damaged status Not for loan Collection code Permanent Location Current Location Shelving location Date acquired Total Checkouts Full call number Barcode Date due Date last seen Date last checked out Price effective from Koha item type
          Non-Fiction KH8 Primary School Library KH8 Primary School Library Non Fiction 2023-03-17 3 813.6 ZIE KHPL000003904 2023-05-30 2023-05-19 2023-05-19 2023-03-17 Books - Non Ficton

Powered By KH8 IT Dept